MARC

LEADER 00000nam0a2200000 4500
001 165308
005 20231101222537.0
035 |a (RuTPU)RU\TPU\book\179329 
090 |a 165308 
100 |a 20090917d1983 m y0rusy50 ca 
101 0 |a rus 
102 |a RU 
105 |a a j 001zy 
200 1 |a Устройство и обслуживание газоочистных и пылеулавливающих установок  |e учебное пособие для средних профессиональных заведений  |f  Г. М. Алиев 
210 |a Москва  |c Металлургия  |d  1983 
215 |a 296 с.  |c ил. 
320 |a Библиогр.: с. 295. 
606 |a Газоочистные установки  |x Режим работы  |2 stltpush  |3 (RuTPU)RU\TPU\subj\31694  |9 54481 
610 1 |a химическая технология 
610 1 |a газоочистка 
610 1 |a газоочистные устройства 
610 1 |a газоочистные аппараты 
610 1 |a пылеуловители 
610 1 |a газы 
610 1 |a очистка 
610 1 |a электрическая очистка 
610 1 |a фильтры 
610 1 |a химическая очистка 
610 1 |a контроль 
610 1 |a природа 
610 1 |a учебные пособия 
610 1 |a охрана 
675 |a 66.074(075.3)  |v 3 
700 1 |a Алиев  |b Г. М.  |g Гасан Мамед-Али оглы 
801 1 |a RU  |b 63413507  |c 20090917 
801 2 |a RU  |b 63413507  |c 20171101  |g RCR 
942 |c BK